Management of a small-scale industry (Record no. 817814)

MARC details
000 -LEADER
fixed length control field 00596nam a2200229Ia 4500
008 - FIXED-LENGTH DATA ELEMENTS--GENERAL INFORMATION
fixed length control field 101110s9999 xx 000 0 und d
041 ## - LANGUAGE CODE
Language code of text/sound track or separate title ENGLISH
082 ## - DEWEY DECIMAL CLASSIFICATION NUMBER
Item number SR25163
100 ## - MAIN ENTRY--PERSONAL NAME
Personal name Desai Vasant
245 ## - TITLE STATEMENT
Title Management of a small-scale industry
260 ## - PUBLICATION, DISTRIBUTION, ETC. (IMPRINT)
Date of publication, distribution, etc 1996
Name of publisher, distributor, etc Himalaya Publications/Mumbai
300 ## - PHYSICAL DESCRIPTION
Extent 523
365 ## - TRADE PRICE
Price amount 125
520 ## - SUMMARY, ETC.
Summary, etc Commerce
520 ## - SUMMARY, ETC.
Summary, etc Donated by A.B. Mulani
546 ## - LANGUAGE NOTE
Language note ENGLISH
630 ## - SUBJECT ADDED ENTRY--UNIFORM TITLE
Uniform title Management of a small-scale industry
650 ## - SUBJECT ADDED ENTRY--TOPICAL TERM
Topical term or geographic name as entry element Commerce
655 ## - INDEX TERM--GENRE/FORM
Genre/form data or focus term Commerce
730 ## - ADDED ENTRY--UNIFORM TITLE
Uniform title Management of a small-scale industry
942 ## - ADDED ENTRY ELEMENTS (KOHA)
Koha item type Book
Holdings
Withdrawn status Lost status Damaged status Not for loan Home library Current library Shelving location Date acquired Source of acquisition Cost, normal purchase price Shelving control number Total Checkouts Barcode Date last seen Price effective from Koha item type
        D. B. J. College, Chiplun D. B. J. College, Chiplun     Donated by A.B. Mulani, Chiplun 125.00     DBJSR25163 11/11/2010 11/11/2010 Book